00996nam a2200253 450000100060000000300090000600500170001500700030003200800410003508000310007608000350010710000510014224501030019326000320029630000350032849000440036349000330040760000480044083000520048883000410054085200220058199900170060395201220062063271ES-MaACL20230906164822.0t|031205s1969 sp af |||| |bspa d a929 Fernandez-Shaw, Carlos a86 Fernandez-Shaw, Carlos 1.061 aFernández-Shaw, Guillermo,d1893-196595010213aUn poeta de transición b: vida y obra de Carlos Fernández-Shaw /cGuillermo Fernández-Shaw. aMadrid : bGredos, c[1969] aX, 329 p., 1 lám. ; c20 cm.1 aBiblioteca románica hispánica ; v21 aEstudios y enseñas ; v12914aFernández-Shaw, Carlos,d1865-19119500980 aBiblioteca románica hispánica ; v291807460 aEstudios y enseñas ; v1299230669 aES-MaACLjC-36463 c63271d63271 00104070aATENEOMbATENEOMcDEPO2d2008-01-17eSCl0oC-36463p1066322r2023-02-23 00:00:00w2023-02-23yMONOGRAFIA